Письма и документы, 1917-1922 (Запись № 10582077)

Подробности
000 -МАРКЕР
контрольное поле 01768nam0a2200337 i 4500
001 - ИДЕНТИФИКАТОР ЗАПИСИ
контрольное поле RU\NLR\BIBL_A\010298647
005 - ИДЕНТИФИКАТОР ВЕРСИИ
контрольное поле 20260406073500.0
010 ## - МЕЖДУНАРОДНЫЙ СТАНДАРТНЫЙ НОМЕР КНИГИ (ISBN)
Номер (ISBN) 9785227049421
Тираж 1500
021 ## - НОМЕР ГОСУДАРСТВЕННОЙ РЕГИСТРАЦИИ
Код страны Российская Федерация
Номер 2014-5888
Номер Листа государственной регистраци 366
035 ## - ДРУГИЕ СИСТЕМНЫЕ НОМЕРА
Идентификатор записи (NILC)RuMoRGB-006738857
035 ## - ДРУГИЕ СИСТЕМНЫЕ НОМЕРА
Идентификатор записи (NLR Aleph) 010298647
100 ## - ДАННЫЕ ОБЩЕЙ ОБРАБОТКИ
Данные общей обработки 20140326d2014 um y0rusy50 ca
101 0# - ЯЗЫК РЕСУРСА
Язык текста, звукозаписи и т.д. русский
102 ## - СТРАНА ПУБЛИКАЦИИ ИЛИ ПРОИЗВОДСТВА
Страна публикации Российская Федерация
105 ## - ПОЛЕ КОДИРОВАННЫХ ДАННЫХ: ТЕКСТОВЫЕ МАТЕРИАЛЫ, МОНОГРАФИЧЕСКИЕ
Кодированные данные о монографическом текстовом документе c|||z|||001ey
200 1# - ЗАГЛАВИЕ И СВЕДЕНИЯ ОБ ОТВЕТСТВЕННОСТИ
Основное заглавие Письма и документы, 1917-1922
Сведения, относящиеся к заглавию [сборник]
Первые сведения об ответственности Ю. О. Мартов
Последующие сведения об ответственности сост. Ю. Г. Фельштинский
-- [вступ. ст., примеч. и указ. д-ров ист. наук Ю.Г. Фельштинского, Г.И. Чернявского]
210 ## - ПУБЛИКАЦИЯ, РАСПРОСТРАНЕНИЕ И ДР.
Место издания, распространения и т.д. Москва
Имя издателя, распространителя и т. д. Центрполиграф
Дата издания, распространения и т.д. 2014
215 ## - ФИЗИЧЕСКАЯ ХАРАКТЕРИСТИКА
Специфическое обозначение материала и объем 542, [1] с.
Другие сведения о физической характеристике портр.
Размеры 21
300 ## - ОБЩИЕ ПРИМЕЧАНИЯ
Текст примечания В предисл. авт.: Л. Мартов - псевд. Юлия Осиповича Цедербаума. Писал также под псевд. Алексей, Егор, Егоров, Игномус, Берг и др.
320 ## - ПРИМЕЧАНИЯ О НАЛИЧИИ В ДОКУМЕНТЕ БИБЛИОГРАФИИ / УКАЗАТЕЛЯ
Текст примечания Библиогр. в тексте примеч. и в подстроч. примеч.
320 ## - ПРИМЕЧАНИЯ О НАЛИЧИИ В ДОКУМЕНТЕ БИБЛИОГРАФИИ / УКАЗАТЕЛЯ
Текст примечания Имен. указ.: с. 528-539
600 #1 - ИМЯ ЛИЦА КАК ПРЕДМЕТ
Начальный элемент ввода Мартов
Часть имени, кроме начального элемента ввода Ю.О.
Даты 1873 - 1923
Расширение инициалов личного имени Юлий Осипович
Системный номер авторитетной/нормативной записи 2090155
Идентификатор авторитетной/нормативной записи RU\NLR\AUTH\661265159
686 ## - ИНДЕКСЫ ДРУГИХ КЛАССИФИКАЦИЙ
Индекс Ф69(2)422.1
700 #1 - ИМЯ ЛИЦА - ПЕРВИЧНАЯ ОТВЕТСТВЕННОСТЬ
Материалы, к которым относится поле rus
Графика поля Кириллица
Начальный элемент ввода Мартов
Часть имени, кроме начального элемента ввода Л.
Дополнения к именам, кроме дат полит. деятель
Расширение инициалов личного имени Лев
Даты 1873-1923
Идентификатор авторитетной/нормативной записи RU\NLR\AUTH\778975
Системный номер авторитетной/нормативной записи 118848
702 #1 - ИМЯ ЛИЦА - ВТОРИЧНАЯ ОТВЕТСТВЕННОСТЬ
Код отношения Составитель
Начальный элемент ввода Фельштинский
Часть имени, кроме начального элемента ввода Ю. Г.
Даты 1956-
Расширение инициалов личного имени Юрий Георгиевич
Идентификатор авторитетной/нормативной записи RU\NLR\AUTH\770131729
Системный номер авторитетной/нормативной записи 131695
801 #0 - ИСТОЧНИК ЗАПИСИ
Страна Российская Федерация
Организация РГБ
Дата составления 20140213
Правила каталогизации RCR
942 ## - ДОПОЛНИТЕЛЬНЫЕ ЭЛЕМЕНТЫ ЗАПИСИ (АБИС)
Тип экземпляра АБИС Книга
980 ## - КОЛЛЕКЦИЯ
Название коллекции НБР

Нет доступных экземпляров.